Augenfarben - Statistiken

Allgemein
  • Dieses Quiz wurde 200 mal gespielt
  • Das Durchschnittsergebnis liegt bei 3 aus 4
Antwortstatistiken
Anteil Augenfarbe % Korrekt
31% Braun
100%
30% Blau
98%
3% Grün
96%
17% Gemischt
6%
Keine übereinstimmenden Quizze gefunden
Verteilung der Resultate
Anzahl Personen mit jedem Resultat
Perzentil nach korrekt beantworteten Fragen
Ihre Resultats-Entwicklung
Sie haben dieses Quiz noch nicht gespielt